000 01253cam a2200325 i 4500
999 _c128521
_d128521
001 19039292
003 ARRUPE
005 20181108115909.0
008 160401s2016 vau b s001 0 eng
010 _a 2016002828
020 _a9780813939100 (cloth : alk. paper)
020 _a9780813939117 (pbk. : alk. paper)
020 _z9780813939124 (e-book)
040 _aDLC
_beng
_cDLC
_erda
_dDLC
042 _apcc
050 0 0 _aB5310.M85 2016
082 0 0 _a844/.914
_223
100 1 _aMudimbe, V. Y.,
_d1941-
_eauthor.
_936509
245 1 4 _aThe Mudimbe reader /
_cedited by Pierre-Philippe Fraiture and Daniel Orrells.
260 _aCharlottesville
_bUniveristy of Virginia Press
_c2016
300 _axlv, 239 p. ;
_c24 cm
504 _aIncludes bibliographical references and index.
650 _aPhilosophy
_zAfrica
_921087
700 1 _aFraiture, Pierre-Philippe,
_eeditor.
_943303
700 1 _aOrrells, Daniel,
_eeditor.
_943304
906 _a7
_bcbc
_corignew
_d1
_eecip
_f20
_gy-gencatlg
942 _2lcc
_cMONOGRAPH